"Second Biggest" U.S. Cities By State - Statistics

General Stats
  • This quiz has been taken 221 times
  • The average score is 29 of 50
Answer Stats
State City % Correct
California San Diego
94%
Florida Miami
92%
Arizona Tucson
92%
Colorado Colorado Springs
91%
Alabama Montgomery
87%
Louisiana Baton Rouge
83%
Alaska Fairbanks
83%
Minnesota Saint Paul
83%
New York Buffalo
82%
Ohio Cleveland
82%
Delaware Dover
82%
Pennsylvania Pittsburgh
80%
Tennessee Nashville
77%
Texas San Antonio
77%
Nebraska Lincoln
76%
North Carolina Raleigh
76%
Missouri Saint Louis
73%
Oklahoma Tulsa
73%
New Jersey Jersey City
69%
Wisconsin Madison
69%
Kentucky Lexington
67%
North Dakota Bismarck
66%
Indiana Fort Wayne
65%
Connecticut New Haven
64%
Oregon Eugene
58%
Michigan Grand Rapids
58%
Washington Spokane
58%
Georgia Augusta
56%
Nevada Henderson
55%
Hawaii Hilo
55%
South Carolina Charleston
52%
New Mexico Las Cruces
48%
Wyoming Casper
46%
Massachusetts Worcester
46%
Iowa Cedar Rapids
45%
Illinois Aurora
43%
Virginia Norfolk
43%
Montana Missoula
41%
Kansas Overland Park
40%
Arkansas Fort Smith
39%
Idaho Nampa
39%
South Dakota Rapid City
34%
Mississippi Gulfport
32%
New Hampshire Nashua
32%
West Virginia Huntington
25%
Rhode Island Warwick
25%
Utah West Valley City
24%
Maine Lewiston
22%
Maryland Columbia
13%
Vermont Essex
8%
No matching quizzes found
Score Distribution
Percent of People with Each Score
Percentile by Number Answered
Your Score History
You have not taken this quiz